1991 július-augusztus - marosvásárhelyi hangulatkép

Elmentve itt :
Bibliográfiai részletek
Szerző: VÉCSEI Károly
Adatforrás:Meister
Forrásdokumentuma:Hitel. Erdélyi Szemle. -
3-4 sz., 1994, 78-94 p.
Nyelv:magyar
Kulcsszavak:szociológia
szociográfia
politikai intézmények
magyar-román kapcsolatok
civil társadalom
etnikumközi kapcsolatok
sztereotipia
RMDSZ-politika
kisebbségi kérdés
Marosvásárhely
RMDSZ-Romániai Magyar Demokrata Szövetség
LEADER 00741nab a2200241 i 4500
001 bibPRO00008601
008 060524s1994 xx hun
040 |a Sz1 
041 |a hun 
100 1 |a VÉCSEI Károly 
245 1 0 |a 1991 július-augusztus - marosvásárhelyi hangulatkép  |c VÉCSEI Károly 
695 |a szociológia 
695 |a szociográfia 
695 |a politikai intézmények 
695 |a magyar-román kapcsolatok 
695 |a civil társadalom 
695 |a etnikumközi kapcsolatok 
695 |a sztereotipia 
695 |a RMDSZ-politika 
695 |a kisebbségi kérdés 
695 |a Marosvásárhely 
695 |a RMDSZ-Romániai Magyar Demokrata Szövetség 
773 0 |t Hitel. Erdélyi Szemle. -  |g 3-4 sz., 1994, 78-94 p.